GMC - Green Multi Centrum, Špitálska ul. Bratislava - interiér
Gespeichert in:
| 1. Verfasser: | |
|---|---|
| Weitere Verfasser: | |
| Format: | Manuskript Buch |
| Sprache: | Slowakisch |
| Veröffentlicht: |
Bratislava
2015
|
| Schlagworte: | |
| Online-Zugang: | http://is.stuba.sk/zp/portal_zp.pl?podrobnosti=112118 |
| Tags: |
Keine Tags, Fügen Sie das erste Tag hinzu!
|
MARC
| LEADER | 00000ntm a22000003a 4500 | ||
|---|---|---|---|
| 001 | stuzp52361 | ||
| 003 | SK-STU | ||
| 005 | 20210304094818.3 | ||
| 007 | ta | ||
| 008 | 150427s2015----xo-----f-mn---000-0-slo-d | ||
| 040 | |a STU |b slo | ||
| 041 | 0 | |a slo | |
| 100 | 1 | |a Angerová, Klaudia, |d 1989- |u 055150 |4 aut |U FAD Fakulta architektúry a dizajnu |U FAD Fakulta architektúry |T FA Ústav interiéru a výstavníctva |X 57759 |U A5150 |Y 396 |7 A000057759 | |
| 242 | 0 | 1 | |a GMC Green multifunction Center |y eng |
| 245 | 1 | 0 | |a GMC - Green Multi Centrum, Špitálska ul. Bratislava - interiér |
| 260 | |c 2015 |a Bratislava | ||
| 650 | 4 | |a Čajovňa |2 slo | |
| 650 | 4 | |a Bar |2 slo | |
| 650 | 4 | |a Zdravie |2 slo | |
| 650 | 4 | |a bar |2 eng | |
| 650 | 4 | |a tearoom |2 eng | |
| 650 | 4 | |a health |2 eng | |
| 700 | 1 | |a Vinárčiková, Jana, |d 1961- |4 ths |X 413 |7 A000000413 | |
| 856 | 4 | |u http://is.stuba.sk/zp/portal_zp.pl?podrobnosti=112118 |u https://opac.crzp.sk/?fn=detailBiblioForm&sid=D6D76FDBEB5D0472D97DCED57304 | |
| SQL | |a stuzp52361 |b DDP |c SLO |d GMC - Green Multi Centrum, Špitálska ul. Bratislava - interiér |e 57759 |f Angerová, Klaudia |g 055150 |h 413 |i Vinárčiková, Jana |j 20150604 |k 153 |l 05 |m http://is.stuba.sk/zp/portal_zp.pl?podrobnosti=112118 |n I-ARCH |o 5.1.1. architektúra a urbanizmus | ||